000 00676nam a2200229Ia 4500
003 OSt
005 20221007081833.0
006 a|||||r|||| 00| 0
007 ta
008 221006b |||||||| |||| 00| 0 eng d
024 _a24,337
037 _cTextual
040 _aFLL
_cFLL
_beng
041 _2eng
_aeng
082 _aZ2:5y7, H3
100 _aKirpal Amar Nath
_9688094
245 0 _aSelection of the criminal rulings of the high court of judicature at Lahore
260 _aPunjab
_bSuperintendent, Government Printing India
_c1939
300 _axviii,1-121p
_ccm.
942 _hZ2:5y7, H3
_cTEXL
_2CC
999 _c1164443
_d1164443